| 000 | 00349nam a22001457a 4500 | ||
|---|---|---|---|
| 003 | SGT | ||
| 020 | _a9788123780733 | ||
| 082 |
_a954.034 _bB17D |
||
| 100 | _aDIKSHIT, PARYAG NARAYAN | ||
| 245 | _aBHARTIYA CHINTAN PARMPARA KE VAHAK | ||
| 260 |
_aINDIA _bRASTRIYA PUSTAK NAYAS _c2017 |
||
| 300 | _a190 | ||
| 650 | _aMAHATMA GANDHI | ||
| 942 |
_2ddc _cBK |
||
| 999 |
_c26005 _d26005 |
||